00489 a2200169 4500001000700000020001800007040003500025100002100060240002800081245002300109300001000132362000900142697003200151942000700183952011000190999001900300156767 a9788525052674 cEscola São Tomás de Aquino aLOBATO, Monteiro10aAs formigas ruivaslpor10aAs formigas ruivas a32 p.0 a2012 a*LITERATURA INFANTO JUVENIL cBK 00104070a12.22b12.22d2024-04-30l0o028.53 LOB FORpEST00011129r2024-04-30 22:14:05w2024-04-30yBK c156767d156767